La ceremonia del adiós seguido de Conversaciones con Jean-Paul Sartre: agosto-septiembre de 1974
محفوظ في:
| المؤلف الرئيسي: | |
|---|---|
| التنسيق: | كتاب |
| اللغة: | الإسبانية |
| منشور في: |
Buenos Aires
Sudamericana
1988
|
| الطبعة: | 3a. ed |
| الموضوعات: | |
| الوسوم: |
إضافة وسم
لا توجد وسوم, كن أول من يضع وسما على هذه التسجيلة!
|
MARC
| LEADER | 00000cam a2200000 a 4500 | ||
|---|---|---|---|
| 001 | UCE7050 | ||
| 003 | CL-VaPUC | ||
| 008 | 150520e19880000ag |||||||||||||||||spa|d | ||
| 020 | |a 9500701308 | ||
| 082 | 0 | 4 | |a 843 |b BEA |2 21 |
| 100 | 0 | |a Beauvoir, Simone de |e author |9 579773 | |
| 245 | 1 | 3 | |a La ceremonia del adiós seguido de Conversaciones con Jean-Paul Sartre: agosto-septiembre de 1974 |
| 250 | |a 3a. ed | ||
| 300 | |a 549 p | ||
| 942 | |c BK | ||
| 945 | |d 20150520 16:51:00 |a dcastane | ||
| 260 | |a Buenos Aires |b Sudamericana |c 1988 | ||
| 650 | 0 | |a Novela francesa |9 264985 | |
| 650 | 0 | |a Literatura francesa |9 266330 | |
| 650 | 0 | |a Entrevistas |9 265537 | |
| 583 | |a last modification |c 20150520 16:51:00 |k Rodrigo Vera | ||
| 999 | |c 359192 |d 359190 | ||
| 952 | |0 0 |1 0 |3 erb |4 0 |6 843_000000000000000_BEA_1988 |7 0 |8 A |9 468264 |a BIBEDU |b BIBEDU |i 5174678 |o 843 BEA 1988 |p 5174678 |r 2019-11-23 |w 2019-11-23 |y BK |z Catalogado en:20150520 |k LIT | ||